| 000 | 00472nam a2200193Ia 4500 | ||
|---|---|---|---|
| 008 | 210210b2004 xxu||||| |||| 00| 0 eng d | ||
| 020 | _a81 219 2373 5 | ||
| 082 | _a591.51 AGAA | ||
| 100 | _aAGARWAL (V K) | ||
| 245 | _aAnimal behaviour: ethology | ||
| 260 |
_aN D _bS. Chand & Co. Ltd. _c2004 |
||
| 300 | _aviii,720 | ||
| 650 | _aethology | ||
| 650 | _abehaviour: | ||
| 650 | _aAnimal | ||
| 690 | _aAnimal Ecology | ||
| 700 | _aGUPTA (Usha). | ||
| 906 | _aSG04838 | ||
| 999 |
_c115660 _d115660 |
||